Statistics for NBA Jersey Sponsors

Click here to take the quiz!

General Stats

  • This quiz has been taken 33 times
    (19 since last reset)
  • The average score is 7 of 28

Answer Stats

TeamSponsor% Correct
LA LakersWish
69%
Orlando Magic Disney
56%
Golden State WarriorsRakuten
56%
Boston Celtics General Electric
50%
Toronto RaptorsSun Life
50%
Cleveland Cavaliers Goodyear
44%
Memphis Grizzlies FedEx
38%
Washington WizardsGeico
38%
Milwaukee Bucks Harley Davidson
38%
Minnesota TimberwolvesFitbit
31%
New York Knicks Squarespace
31%
LA ClippersBumble
25%
Houston RocketsRokit Phones
25%
Denver Nuggets Western Union Bank
25%
San Antonio SpursFrost Bank
19%
Utah Jazz5 for the Flight
13%
Sacramento KingsBlue Diamond Almonds
13%
Phoenix SunsPayPal
13%
Philadelphia SixersStubhub
13%
Miami HeatUltimate Software
13%
Dallas Mavericks 5miles
6%
Detroit PistonsFlagstar Bank
6%
Brooklyn NetsInfor
6%
Charlotte HornetsLending Tree
6%
Portland Trail BlazersPerformance Health
6%
Atlanta Hawks Sharecare
6%
New Orleans PelicansZatarains
6%
Chicago Bulls Zenni Optical
6%

Score Distribution

Percentile by Number Answered

Percent of People with Each Score

Your Score History

You have not taken this quiz since the last reset